| 000 | 00517nam a2200193Ia 4500 | ||
|---|---|---|---|
| 003 | OSt | ||
| 005 | 20241204093148.0 | ||
| 008 | 210716s1963 xx 000 0 und d | ||
| 020 | _a0449134679 | ||
| 040 | _cAIMIT LIBRARY | ||
| 041 | _aeng | ||
| 082 |
_a808.83 _21 _bCOXW |
||
| 100 |
_aCox, William R. _9187495 |
||
| 245 |
_aBigger than texas / _cBy William R Cox. |
||
| 250 | _a1st ed. | ||
| 260 |
_aNew York : _bFawcett Books ; _c1963. |
||
| 300 |
_a168p. ; _bPB _c17 cm. |
||
| 942 |
_2ddc _cBK _e1st ed. _k808.83 COXW |
||
| 999 |
_c200194 _d200194 |
||